| 000 | 01857cam a22004694i 4500 | ||
|---|---|---|---|
| 003 | PE-LiUPU | ||
| 005 | 20250731173321.0 | ||
| 008 | 150625s r 000 0 d | ||
| 020 | _a8472399192 | ||
| 035 | _a(Sirsi) i9788472399198 | ||
| 040 |
_aPE-LiUPU _bspa _cPE-LiUPU _erda |
||
| 049 | _aPRUA | ||
| 082 | 0 | 4 |
_a232 _bM77 _221 |
| 100 | 1 |
_aMontes Peral, Luis Ángel, _eautor. |
|
| 245 | 1 | 0 |
_aEn la entraña de la Cristología : _ba la búsqueda de los orígenes de la fe en Jesús, el Mesías / _cLuis Ángel Montes Peral. |
| 264 | 1 |
_aBurgos, España : _bMonte Carmelo, _c2005. |
|
| 300 |
_a329 páginas ; _c21 centímetros |
||
| 336 |
_atext _2rdacontent |
||
| 337 |
_aunmediated _2rdamedia |
||
| 338 |
_avolume _2rdacarrier |
||
| 490 | 0 | _aEstudios MC | |
| 504 | _aCon notas bibliográficas al pie de algunas páginas. | ||
| 505 | 0 | _aPara estudiar cristología no hay mejor maestro que el espíritu santo. -El mesianismo en la historia del pueblo judio: El desarrollo del mesianismo en el primer testamento. -El mesianismo en los tiempos de Jesús en él mismo y en su movimiento. | |
| 526 | _aSEG42 | ||
| 526 | _aSEG41 | ||
| 526 | _aSEG40 | ||
| 526 | _aSEG39 | ||
| 526 | _aP94 | ||
| 526 | _aP87 | ||
| 526 | _aP86 | ||
| 526 | _aP85 | ||
| 526 | _aP77 | ||
| 526 | _aP76 | ||
| 526 | _aP35 | ||
| 541 | _g006-0034194; | ||
| 650 | 0 | 4 | _aCristología. |
| 942 |
_2ddc _cBOOK |
||
| 949 |
_a232 M77 _wDEWEY _c1 _i57531 _lCCODEBUL1 _mBUL _p21.00 _r0 _sY _tBOOK _u2015-6-25 _xTEOLOGIA _zUNKNOWN _0COMPRA _o.STAFF. Colección General |
||
| 994 |
_aC0 _bPEPRU |
||
| 596 | _a1 | ||
| 999 |
_a232 M77 _wDEWEY _c46562 _i57531 _f2021-11-10 _g5 _lCCODEBUL1 _mBUL _p21.00 _r0 _sY _tBOOK _u2015-6-25 _xTEOLOGIA _zUNKNOWN _0COMPRA _o.STAFF. Colección General _d46562 |
||
| 980 |
_81 _gALBERTO SANCHEZ Responsable de Automatización |
||